[Event "DEN-ch cand"]
[Site "Svendborg"]
[Date "2023.04.05"]
[Round "4"]
[White "Jensen, Lars Munk"]
[Black "Mollasoltani, Aryan"]
[Result "1-0"]
[WhiteElo "2150"]
[BlackElo "2008"]
[PlyCount "73"]
[EventDate "2023.04.05"]
[EventType "swiss"]
[EventRounds "7"]
[EventCountry "DEN"]
[SourceTitle "CBM 213 Extra"]
[Source "ChessBase"]
[SourceDate "2023.05.31"]
[SourceVersion "1"]
[SourceVersionDate "2023.05.31"]
[SourceQuality "1"]

1. c4 Nf6 2. Nc3 g6 3. g3 Bg7 4. Bg2 0-0 5. d3 d6 6. Rb1 e5 7. b4 Nbd7 8. Bd2 c6 9. Qc1 Re8 10. Bh6 Bh8 11. Bg5 Qc7 12. e4 a5 13. a3 Nf8 14. Nge2 Ne6 15. Bd2 axb4 16. axb4 Nd4 17. Nxd4 exd4 18. Ne2 Ng4 19. h3 Ne5 20. Rb3 f5 21. f4 fxe4 22. Bxe4 Nd7 23. Kf2 Nf6 24. Bf3 Bf5 25. g4 Be6 26. Ra3 Nd7 27. Qa1 Nb6 28. Ra5 Rxa5 29. bxa5 Nd7 30. Qa3 Ra8 31. Rb1 Nc5 32. Bb4 b6 33. Bxc5 bxc5 34. a6 Bc8 35. Qb3 Bxa6 36. Qb6 Qa7 37. Qxc6 1-0

[Event "DEN-ch cand"]
[Site "Svendborg"]
[Date "2023.04.05"]
[Round "3"]
[White "Nielsen, Philip"]
[Black "Jensen, Lars Munk"]
[Result "1/2-1/2"]
[WhiteElo "1987"]
[BlackElo "2150"]
[PlyCount "35"]
[EventDate "2023.04.05"]
[EventType "swiss"]
[EventRounds "7"]
[EventCountry "DEN"]
[SourceTitle "CBM 213 Extra"]
[Source "ChessBase"]
[SourceDate "2023.05.31"]
[SourceVersion "1"]
[SourceVersionDate "2023.05.31"]
[SourceQuality "1"]

1. d4 Nf6 2. Bf4 e6 3. e3 c5 4. c3 b6 5. Nd2 Be7 6. Nc4 0-0 7. Nd6 Ne8 8. Nxc8 Qxc8 9. Bd3 d5 10. Nf3 c4 11. Bc2 f5 12. 0-0 Nc6 13. Ne5 Bd6 14. Nxc6 Qxc6 15. Bxd6 Nxd6 16. Qe2 Rf6 17. f3 Raf8 18. Rfe1 1/2-1/2

[Event "DEN-ch cand"]
[Site "Svendborg"]
[Date "2023.04.05"]
[Round "5"]
[White "Thybo, Thomas Sondergaard"]
[Black "Jensen, Lars Munk"]
[Result "1-0"]
[WhiteElo "2130"]
[BlackElo "2150"]
[PlyCount "63"]
[EventDate "2023.04.05"]
[EventType "swiss"]
[EventRounds "7"]
[EventCountry "DEN"]
[SourceTitle "CBM 213 Extra"]
[Source "ChessBase"]
[SourceDate "2023.05.31"]
[SourceVersion "1"]
[SourceVersionDate "2023.05.31"]
[SourceQuality "1"]

1. e4 c5 2. Nf3 e6 3. d4 cxd4 4. Nxd4 a6 5. Bd3 Nf6 6. Qe2 d5 7. e5 Nfd7 8. Nd2 Nc6 9. N2f3 Nc5 10. 0-0 Bd7 11. h4 Nxd4 12. Nxd4 Qxh4 13. Be3 Rc8 14. f4 Nxd3 15. cxd3 Bc5 16. Rac1 Qe7 17. Qf2 Bxd4 18. Rxc8+ Bxc8 19. Bxd4 Bd7 20. Rc1 Bc6 21. Qg3 g6 22. f5 Kd7 23. Bc5 Qe8 24. fxe6+ fxe6 25. Rf1 d4 26. Rf6 Kc8 27. Bd6 Bd5 28. Qf2 Qd8 29. Qxd4 Qa5 30. Qa7 Kd7 31. Rf7+ Kc6 32. Qxb7# 1-0